Functional Histology: (Record no. 187)

MARC details
000 -LEADER
fixed length control field 00572nam a22002057a 4500
003 - CONTROL NUMBER IDENTIFIER
control field OSt
005 - DATE AND TIME OF LATEST TRANSACTION
control field 20191002094817.0
008 - FIXED-LENGTH DATA ELEMENTS--GENERAL INFORMATION
fixed length control field 140711b xxu||||| |||| 00| 0 eng d
020 ## - INTERNATIONAL STANDARD BOOK NUMBER
International Standard Book Number 0443023417
040 ## - CATALOGING SOURCE
Transcribing agency DNLM
082 ## - DEWEY DECIMAL CLASSIFICATION NUMBER
Classification number BBQS 504 W56f 1987
100 ## - MAIN ENTRY--PERSONAL NAME
Personal name Wheater Paul R.;Burkitt, H.G.; Daniels, V.G.
9 (RLIN) 483
245 ## - TITLE STATEMENT
Title Functional Histology:
Remainder of title a text and colour atlas
250 ## - EDITION STATEMENT
Edition statement 2nd Ed
260 ## - PUBLICATION, DISTRIBUTION, ETC. (IMPRINT)
Place of publication, distribution, etc. London;
Name of publisher, distributor, etc. Churchill,
Date of publication, distribution, etc. 1987
300 ## - PHYSICAL DESCRIPTION
Other physical details 348 p,:
Dimensions 28 cm.
Accompanying material Col. ill;
500 ## - GENERAL NOTE
General note Includes Index, References
650 ## - SUBJECT ADDED ENTRY--TOPICAL TERM
Topical term or geographic name as entry element Histology
9 (RLIN) 484
942 ## - ADDED ENTRY ELEMENTS (KOHA)
Source of classification or shelving scheme Other/Generic Classification Scheme
Koha item type Open Shelf
Holdings
Withdrawn status Lost status Source of classification or shelving scheme Damaged status Not for loan Home library Current library Date acquired Source of acquisition Inventory number Total Checkouts Full call number Barcode Date last seen Koha item type Date last checked out
    Other/Generic Classification Scheme     MUST Main Library MUST Main Library 11/07/2014 Purchase 241   QS504 W56f 1987 2014-0659 11/07/2014 Open Shelf  
    Other/Generic Classification Scheme     MUST Main Library MUST Main Library 02/10/2019 Purchase 147   QS504 W56f 1987 2019-0499 02/10/2019 Open Shelf  
    Other/Generic Classification Scheme     MUST Main Library MUST Main Library 03/10/2019 Purchase 140 1 QS504 W56f 1987 2019-0510 27/02/2021 Open Shelf 19/02/2021